000
00218 a2200097 4500
001
14871
100
_a
Beloff max
245
_a
History mankind and his story
260
_a
London
_b
Odham press
_c
090
_c
11640
_d
11640
942
_a
NUST-CAE
_c
M
_c
1826
999
_c
249944
_d
249944